Normal view
MARC view
- English language syntax
Entry Topical Term
001 - CONTROL NUMBER
- control field: 18325
003 - CONTROL NUMBER IDENTIFIER
- control field: OSt
005 - DATE AND TIME OF LATEST TRANSACTION
- control field: 20110217154230.0
008 - FIXED-LENGTH DATA ELEMENTS
- fixed length control field: 110217|||a|||||| | ||| d
040 ## - CATALOGING SOURCE
- Original cataloging agency: OSt
- Transcribing agency: OSt
150 ## - HEADING--TOPICAL TERM
- Topical term or geographic name as entry element: English language syntax
670 ## - SOURCE DATA FOUND
- Source citation: Work cat.: (OSt): Chosky, Carol 18323, The acquisition of syntax in children from 5 to 10, 1969
670 ## - SOURCE DATA FOUND
- Source citation: Work cat.: (OSt): Chosky, Carol 18323, The acquisition of syntax in children from 5 to 10, 1969
